000 00613nam a2200205Ia 4500
005 20250326144320.0
008 250326s9999 xx 000 0 und d
020 _a1-4020-3775-9
037 _aTextbook
040 _aFMSL
_beng
_cFMSL
041 _aeng
_2eng
084 _aX(L):891 P6
_qFMSL
100 _aRicci Paolo F
_9749462
245 0 _aEnvironmental and health risk assessment and management:principles and practice
_cRicci Paolo F
260 _aUSA
_bUSA, Springer
_c2006
300 _axx,478
365 _b8035.8599999999997
942 _cTB
_hX(L):891 P6
999 _c1303274
_d1303274